000
00233nam a22000857a 4500
008
170607b xxu||||| |||| 00| 0 eng d
100
_9
3312
_a
Das. M
245
_a
Stories of light and delight
260
_a
New Delhi
_b
National Book Trust
_c
2004
999
_c
6630
_d
6630